Pokémon: les Capacités Spéciales ( 3G -] 7G ) - Statistiques

Statistiques générales
  • Ce quiz a été pris 444 fois
    276 depuis la dernière actualisation
  • Le résultat moyen est 90 sur 231
Statistiques - réponses
Hint Réponse % Correct
Intimidation
91%
Brasier
89%
Pression
89%
Lévitation
88%
Torrent
88%
Crachin
85%
Engrais
85%
Fermeté
83%
Statik
83%
Torche
83%
Glissade
81%
Absorb Eau
80%
Sécheresse
79%
Turbo
79%
Corps Ardent
77%
Absorb Volt
75%
Point Poison
75%
Alerte Neige
72%
Voile Sable
72%
Cran
69%
Paratonnerre
69%
Isograisse
68%
Chlorophylle
65%
Essaim
64%
Peau Dure
63%
Sable Volant
63%
Apparues en Génération III Absentéisme
62%
Farceur
61%
Garde Magik
61%
Poing de Fer
61%
Corps Gel
59%
Corps Sain
59%
Garde Mystik
59%
Créa-Psy
57%
Herbivore
57%
Joli Sourire
57%
Lavabo
57%
Technicien
57%
Créa-Elec
56%
Créa-Herbe
56%
Piège
56%
Anti-Bruit
55%
Brise Moule
55%
Coloforce
55%
Fuite
55%
Tête de Roc
55%
Pose Spore
54%
Regard Vif
54%
Apparues en Génération IV Adaptabilité
53%
Protéen
53%
Ramassage
53%
Toxitouche
53%
Marque Ombre
52%
Corps Maudit
51%
Créa-Brume
51%
Régé-Force
51%
Apparues en Génération V Acharné
50%
Attention
49%
Début Calme
49%
Multi-Coups
49%
Peau Féérique
49%
Tension
49%
Epine de Fer
48%
Griffe Dure
48%
Peau Sèche
48%
Magnépiège
47%
Air Lock
46%
Annule Garde
46%
Aura Féérique
46%
Ciel Gris
46%
Coeur Noble
46%
Cuvette
46%
Insomnia
46%
Synchro
46%
Terre Finale
46%
Hydratation
45%
Impudence
45%
Mer Primaire
45%
Aura Ténébreuse
44%
Force Soleil
43%
Peau Céleste
43%
Benêt
42%
Boom Final
42%
Force Pure
42%
Prognathe
42%
Baigne Sable
41%
Boost Chimère
41%
Contestation
41%
Fouille
41%
TurboBrasier
41%
Anticipation
40%
Calque
40%
Moiteur
40%
Multiécaille
40%
Simple
40%
Agitation
39%
Gloutonnerie
39%
Lumiattirance
39%
Mue
39%
Multitype
39%
Oeil Composé
39%
Querelleur
39%
Rideau Neige
39%
Soin Poison
39%
Armurbaston
38%
Déguisement
38%
Minus
38%
Motorisé
38%
Sans Limite
38%
Aura Inversée
37%
Coque Armure
37%
Sniper
37%
Déclic Tactique
36%
Force Sable
36%
Impassible
36%
Magicien
36%
Rivalité
36%
Téra-Voltage
36%
Coeur de Coq
35%
Inconscient
35%
Momie
35%
Pied Confus
35%
Plus
35%
Sérénité
35%
Imposteur
34%
Matinal
34%
Mauvais Rêve
34%
Médic Nature
34%
Normalise
34%
Coeur Soin
33%
Défaitiste
33%
Echauffement
33%
Pied Véloce
33%
Illusion
32%
Peau Gelée
32%
Souffle Delta
32%
Télécharge
32%
Téméraire
32%
Tempo Perso
32%
Armumagma
31%
Chanceux
31%
Feuille Garde
31%
Télépathe
31%
Vaccin
31%
Chasse-Neige
30%
Délestage
30%
Heavy Metal
30%
Infiltration
30%
Analyste
29%
Armurouillée
29%
Ecaille Spéciale
29%
Esprit Vital
29%
Frein
29%
Glue
29%
Lentiteintée
29%
Lunatique
29%
Météo
29%
Miroir Magik
29%
Puanteur
29%
Solide Roc
29%
Apparues en Génération VII Animacoeur
28%
Light Metal
28%
Apparues en Génération VI Ailes Bourrasque
27%
Aquabulle
27%
Ignifuge
27%
Colérique
26%
Ecran Poudre
26%
Hyper Cutter
26%
Pare-Balles
26%
Repli Tactique
26%
Battant
25%
Ignifu-Voile
25%
Banc
24%
Boule de Poils
24%
Maladresse
24%
Méga Blaster
24%
Rage Brûlure
24%
Toison Epaisse
24%
Amour Filial
23%
Cherche Miel
23%
Corrosion
23%
Danseuse
22%
Endurance
22%
Fantômasque
22%
Gluco-Voile
22%
Récolte
22%
Bouclier-Carcan
21%
Corps Coloré
21%
Cruauté
21%
Hypersommeil
21%
Peau Electrique
21%
Rage Poison
21%
Rassemblement
21%
Synergie
21%
Ventouse
21%
Garde Amie
20%
Prédiction
20%
Spectro-Bouclier
20%
Filtre
19%
Flora-Voile
19%
Dracolère
18%
Envelocape
18%
Peau Miracle
18%
Phobique
18%
Prestance Royale
18%
Bajoues
17%
Expuls'Organes
17%
Pickpocket
17%
Prioguérison
17%
Receveur
17%
Suintement
17%
Toison Herbue
17%
Ecran Fumée
16%
Métallo-Garde
16%
Aroma-Voile
15%
Batterie
15%
Escampette
13%
Poisseux
13%
Prisme-Armure
13%
Surf Caudal
13%
Victorieux
13%
Don Floral
12%
Symbiose
12%
Expert Acier
11%
Filature
11%
Mèche Rebelle
11%
Mode Transe
11%
Cérébro-Force
10%
Sable Humide
10%
Osmose
9%
Système Alpha
8%
Aucun quiz correspondant
Distribution des résultats
% des personnes avec chaque résultat
Percentile par nombre de réponses
Votre historique - résultats
Vous n’avez pas pris ce quiz depuis la dernière actualisation